000 00644nam a2200277Ia 4500
005 20260324150334.0
008 008 260324s9999 xx 000 0 eng d
020 _a9780203789827
037 _aEBOOK
040 _aCRL
040 _beng
040 _cCRL
041 _2eng
041 _aeng
084 _qCRL
100 _aWilliam R. Rosengren; Mark Lefton
_91226082
245 0 _aHospitals and Patients
260 _bTaylor and Francis
260 _c1969
365 _a
365 _b230
856 _uhttp://www.taylorfrancis.com/books/9780203789827
942 _cEBOOK
999 _c1835361
_d1835361